All Fabolous Songs - Statistics

General Stats
  • This quiz has been taken 13 times
    5 since last reset
  • The average score is 150 of 322
Answer Stats
AlbumS Song % Correct
Real Talk Breathe
100%
Loso's Way Feel Like I'm Back
100%
Loso's Way The Way (Intro)
100%
Summertime Shootout 2: The Level Up 4am Flex
50%
Friday Night Freestyles Affirmative Action Freestyle
50%
Summertime Shootout 2: The Level Up Ah Man
50%
Friday on Elm Street All About It
50%
Friday Night Freestyles All for the Love Freestyle
50%
The Young OG Project All Good
50%
There Is No Competition 2: The Funeral Service All the Way Turnt Up
50%
Summertime Shootout 2: The Level Up Ashanti
50%
Loso's Way A Toast to the Good Life
50%
Real Talk Baby
50%
From Nothin' to Somethin' Baby Don't Go
50%
There Is No Competition Back to Do the Damn Thing
50%
Street Dreams Bad B***h
50%
Ghetto Fabolous Bad Guy
50%
Summertime Shootout 3: Coldest Summer Ever Bae Dreaming
50%
The Young OG Project Ball Drop
50%
Loso's Way Bang Bang
50%
Loso's Way - Rise to Power Bars R' Us
50%
Friday Night Freestyles B.A.S. Freestyle
50%
There Is No Competition 2: The Funeral Service Beamer Benz or Bentley
50%
The S.O.U.L. Tape 2 Beauty
50%
Friday Night Freestyles Been Around the World Freestyle
50%
There Is No Competition 3: Death Comes in 3's B.E.T.
50%
The Young OG Project Bish Bounce
50%
The S.O.U.L. Tape 2 B.I.T.E.
50%
More Street Dreams, Pt. 2: The Mixtape B.K. Style
50%
There Is No Competition 3: Death Comes in 3's Black Bird
50%
There Is No Competition 3: Death Comes in 3's Black City
50%
Friday Night Freestyles Black Girl Lost Freestyle
50%
There Is No Competition 2: The Funeral Service Body Bag
50%
There Is No Competition 2: The Grieving Music EP Body Count
50%
There Is No Competition 2: The Funeral Service Body Ya
50%
Summertime Shootout 3: Coldest Summer Ever B.O.M.B.S.
50%
There Is No Competition 2: The Funeral Service Bring Death to Em
50%
From Nothin' to Somethin' Brooklyn
50%
There Is No Competition Brooklyn's Finest
50%
Street Dreams Call Me
50%
Loso's Way - Rise to Power Can I Live
50%
Ghetto Fabolous Can't Deny It
50%
Street Dreams Can't Let You Go
50%
Real Talk Can You Hear Me
50%
Summertime Shootout 3: Coldest Summer Ever Cap
50%
From Nothin' to Somethin' Change Up
50%
Street Dreams Change You or Change Me
50%
Summertime Shootout 2: The Level Up Check on Me
50%
More Street Dreams, Pt. 2: The Mixtape Chicks (Skit)
50%
Summertime Shootout 3: Coldest Summer Ever Choosy
50%
Real Talk Church
50%
The Young OG Project Cinnamon Apple
50%
Ghetto Fabolous Click & Spark
50%
There Is No Competition 2: The Grieving Music EP Closing Prayer (Outro)
50%
Summertime Shootout 3: Coldest Summer Ever Cold Summer
50%
Loso's Way - Rise to Power Computer Love
50%
The S.O.U.L. Tape 3 Cuffin Season
50%
Street Dreams Damn
50%
There Is No Competition 3: Death Comes in 3's Death Comes in 3's
50%
There Is No Competition 3: Death Comes in 3's Death in the Family
50%
From Nothin' to Somethin' | The S.O.U.L. Tape 2 Diamonds
50%
The S.O.U.L. Tape 2 Diced Pineapples
50%
Summertime Shootout Doin It Well
50%
Loso's Way - Rise to Power Don't Forget About Us (Remix)
50%
Real Talk Don't Stop Won't Stop
50%
There Is No Competition Dope Boys
50%
Real Talk Do the Damn Thing
50%
There Is No Competition 3: Death Comes in 3's Dram's on Time
50%
The S.O.U.L. Tape Drugs (Do This to Me)
50%
Loso's Way Everything, Everyday, Everywhere
50%
The S.O.U.L. Tape 3 Everything Was the Same
50%
There Is No Competition 2: The Funeral Service Exhibit F
50%
Real Talk Exodus
50%
More Street Dreams, Pt. 2: The Mixtape Faboloso
50%
Summertime Shootout 2: The Level Up Faith in Me
50%
There Is No Competition Fall Back
50%
More Street Dreams, Pt. 2: The Mixtape Fire (Remix)
50%
From Nothin' to Somethin' First Time
50%
There Is No Competition F**k 'Em All
50%
More Street Dreams, Pt. 2: The Mixtape F**k You Too
50%
Single #3 Flipmode
50%
The S.O.U.L. Tape 3 Foreigners
50%
Street Dreams Forgive Me Father
50%
Summertime Shootout 2: The Level Up For the Family
50%
The S.O.U.L. Tape 2 For the Love
50%
There Is No Competition 2: The Funeral Service For the Money
50%
Summertime Shootout For the Summer
50%
Summertime Shootout 3: Coldest Summer Ever Frenemies
50%
From Nothin' to Somethin' From Nothin' to Somethin' (Intro)
50%
There Is No Competition 2: The Funeral Service Funeral Service Music
50%
Friday on Elm Street F vs J Intro
50%
Real Talk Gangsta
50%
From Nothin' to Somethin' Gangsta Don't Play
50%
There Is No Competition 3: Death Comes in 3's Get Down or Lay Down
50%
Ghetto Fabolous Get Right
50%
Ghetto Fabolous Get Smart
50%
Loso's Way - Rise to Power Get Yo Money
50%
Real Talk Ghetto
50%
Real Talk Girls
50%
Summertime Shootout 3: Coldest Summer Ever Gone for the Summer
50%
The Young OG Project Gone for the Winter
50%
Ghetto Fabolous Gotta Be Thug
50%
Loso's Way - Rise to Power Gotta Go Freestyle
50%
There Is No Competition 3: Death Comes in 3's Got That Work
50%
Summertime Shootout 2: The Level Up Goyard Bag
50%
Friday on Elm Street Ground Up
50%
The S.O.U.L. Tape 2 Guess Whos Bizzack
50%
There Is No Competition 2: The Funeral Service Hard
50%
There Is No Competition Here's Another Hit
50%
Real Talk Holla at Somebody Real
50%
Loso's Way - Rise to Power How We Do It
50%
There Is No Competition Hustla's Poster Child
50%
There Is No Competition I Came for the Money
50%
There Is No Competition I Don't See Nobody
50%
Ghetto Fabolous If They Want It
50%
There Is No Competition I'm Da Main (Remix)
50%
Summertime Shootout 2: The Level Up I'm Goin Down
50%
Loso's Way I Miss My Love
50%
Loso's Way Imma Do It
50%
There Is No Competition 2: The Funeral Service I'm Raw
50%
From Nothin' to Somethin' I'm the Man
50%
Loso's Way - Rise to Power I'm the Sh*t
50%
Real Talk In My Hood
50%
Summertime Shootout 3: Coldest Summer Ever Insecure
50%
The S.O.U.L. Tape In the Morning
50%
Street Dreams Into You
50%
Street Dreams | There Is No Competition | There Is No Competition 3: Death Comes in 3's Intro
50%
Friday on Elm Street I Pray
50%
Real Talk It's Alright
50%
There Is No Competition 2: The Funeral Service Its Goin Down
50%
More Street Dreams, Pt. 2: The Mixtape I Usually Don't
50%
From Nothin' to Somethin' Joke's On You
50%
Loso's Way - Rise to Power Just Grind
50%
Ghetto Fabolous Keepin' It Gangsta
50%
Loso's Way Last Time
50%
The S.O.U.L. Tape 3 Lay Down
50%
The S.O.U.L. Tape Leaving You
50%
The S.O.U.L. Tape 2 Life Is So Exciting
50%
There Is No Competition 2: The Grieving Music EP Lights Out
50%
The Young OG Project Lituation
50%
The S.O.U.L. Tape Look at Her (You Be Killin' Em Part 2)
50%
There Is No Competition 3: Death Comes in 3's Lord Knows (Remix)
50%
Loso's Way - Rise to Power Loso's Way Freestyle
50%
The S.O.U.L. Tape 2 Louis Vuitton
50%
There Is No Competition 2: The Funeral Service Love Come Down
50%
Loso's Way Lullaby
50%
Ghetto Fabolous Ma' Be Easy
50%
Loso's Way - Rise to Power Make It Hot
50%
From Nothin' to Somethin' Make Me Better
50%
More Street Dreams, Pt. 2: The Mixtape Make U Mine
50%
Loso's Way Makin' Love
50%
The S.O.U.L. Tape Mo Brooklyn, Mo Harlem, Mo Southside
50%
There Is No Competition Mo Cars Mo Hoes
50%
Loso's Way Money Goes, Honey Stay (When the Money Goes Remix)
50%
Summertime Shootout Motivation
50%
There Is No Competition 2: The Funeral Service Mr R.I.P
50%
Loso's Way - Rise to Power Murda (We Don't Believe You)
50%
Street Dreams My Life
50%
Summertime Shootout 3: Coldest Summer Ever My Mind
50%
Summertime Shootout 2: The Level Up My Sh*t
50%
Loso's Way My Time
50%
There Is No Competition N***as Know
50%
More Street Dreams, Pt. 2: The Mixtape N***az
50%
Street Dreams Never Duplicated
50%
Loso's Way Never Let It Go
50%
Friday on Elm Street Nightmares Ain't As Bad
50%
Street Dreams Not Give a F**k
50%
More Street Dreams, Pt. 2: The Mixtape Now Ride
50%
More Street Dreams, Pt. 2: The Mixtape Now What
50%
Summertime Shootout Nu Gambino
50%
There Is No Competition 2: The Funeral Service Oh Let's Do It
50%
Ghetto Fabolous One Day
50%
The S.O.U.L. Tape 2 Only Life I Know
50%
Summertime Shootout 3: Coldest Summer Ever Ooh Yea
50%
Summertime Shootout 3: Coldest Summer Ever Options
50%
There Is No Competition Outro
50%
Loso's Way Pachanga
50%
The S.O.U.L. Tape Pain
50%
There Is No Competition Paperman
50%
There Is No Competition Paper Touchin
50%
The S.O.U.L. Tape Payback Music
50%
The S.O.U.L. Tape Phone Numbers
50%
There Is No Competition Pimp By Blood
50%
The S.O.U.L. Tape 3 Playa
50%
Real Talk Po Po
50%
There Is No Competition 2: The Funeral Service Popular Demand
50%
Friday on Elm Street Principles
50%
Friday Night Freestyles Quiet Storm Freestyle
50%
The Young OG Project Rap & Sex
50%
Single Ready
50%
The S.O.U.L. Tape Really Tho
50%
Summertime Shootout Real One
50%
From Nothin' to Somethin' Real Playa Like
50%
Real Talk Real Talk (123)
50%
More Street Dreams, Pt. 2: The Mixtape Renegade
50%
Street Dreams Respect
50%
From Nothin' to Somethin' Return of the Hustle
50%
Ghetto Fabolous Ride for This
50%
The S.O.U.L. Tape Riesling & Rolling Papers
50%
Ghetto Fabolous Right Now & Later On
50%
More Street Dreams, Pt. 2: The Mixtape Rims (Skit)
50%
There Is No Competition 2: The Funeral Service Roger That
50%
Real Talk Round and Round
50%
The S.O.U.L. Tape 3 Sacrifices
50%
Loso's Way Salute
50%
There Is No Competition Say Hello
50%
There Is No Competition 2: The Funeral Service Say Somethin N***a
50%
Summertime Shootout 3: Coldest Summer Ever Seasons Change
50%
Summertime Shootout 2: The Level Up Sex wit Me
50%
There Is No Competition 3: Death Comes in 3's She Did It
50%
The Young OG Project She Wildin'
50%
Friday Night Freestyles Shook Ones Freestyle
50%
Street Dreams Sickalicious
50%
Loso's Way - Rise to Power Sit Em' Sideways
50%
The S.O.U.L. Tape 3 Situationships
50%
The S.O.U.L. Tape Slow Down
50%
Loso's Way - Rise to Power Some Say
50%
Summertime Shootout Sorry Not Sorry
50%
Friday on Elm Street Soul Food
50%
There Is No Competition 3: Death Comes in 3's Spend It (Remix)
50%
Friday on Elm Street Stand Up
50%
Summertime Shootout Started Something
50%
Loso's Way Stay
50%
There Is No Competition Suicide
50%
There Is No Competition 2: The Funeral Service Suicide 2
50%
Summertime Shootout Summertime Sadness
50%
From Nothin' to Somethin' Supa
50%
There Is No Competition 3: Death Comes in 3's Swag Champ
50%
Friday Night Freestyles Take It Easy Freestyle
50%
Ghetto Fabolous Take You Home
50%
There Is No Competition Takin' Pictures
50%
Friday on Elm Street Talk About It
50%
Summertime Shootout 3: Coldest Summer Ever Talk to Me Nicely
50%
Summertime Shootout 2: The Level Up Team Litty
50%
Summertime Shootout Tell Ya Friends
50%
The S.O.U.L. Tape That's Not Love
50%
There Is No Competition 2: The Grieving Music EP The Eulogy (Intro)
50%
Loso's Way The Fabolous Life
50%
The S.O.U.L. Tape 3 The Get Back
50%
Loso's Way - Rise to Power The Hitmen
50%
The S.O.U.L. Tape 3 The Hope
50%
Friday on Elm Street Theme Music
50%
Summertime Shootout The Plug
50%
Loso's Way There He Go
50%
There Is No Competition 2: The Funeral Service The Wake
50%
There Is No Competition 3: Death Comes in 3's The Widows
50%
Friday Night Freestyles The World Is Yours Freestyle
50%
Loso's Way - Rise to Power They Like Me
50%
The S.O.U.L. Tape 3 Thim Slick
50%
More Street Dreams, Pt. 2: The Mixtape Think Y'All Know
50%
From Nothin' to Somethin' This Is Family
50%
Street Dreams This Is My Party
50%
Street Dreams Throw Back
50%
Loso's Way Throw It in the Bag
50%
Summertime Shootout 3: Coldest Summer Ever Time
50%
Real Talk Tit 4 Tat
50%
Friday Night Freestyles Told Y'all Freestyle
50%
There Is No Competition 2: The Funeral Service Tonight
50%
Summertime Shootout 3: Coldest Summer Ever Too Late
50%
Summertime Shootout 2: The Level Up To the Sky
50%
Ghetto Fabolous Trade It All
50%
Barbershop (Music from the Motion Picture) Trade It All, Pt. 2
50%
The S.O.U.L. Tape 2 Transformation
50%
Summertime Shootout Trapline Bling
50%
Summertime Shootout Trap Royalty
50%
There Is No Competition U Ain't Sayin Sh*t
50%
There Is No Competition 3: Death Comes in 3's Unf**kwitable
50%
Street Dreams Up On Things
50%
Summertime Shootout 3: Coldest Summer Ever Us vs. The World
50%
Summertime Shootout Vanilla
50%
Loso's Way - Rise to Power Walk Like It, Talk Like It
50%
The S.O.U.L. Tape 2 Want You Back
50%
There Is No Competition We Do This Sh*t
50%
The S.O.U.L. Tape 2 We Get High
50%
The Young OG Project We Good
50%
Loso's Way Welcome to My Workplace
50%
Loso's Way - Rise to Power Whatever I Wan' Do
50%
From Nothin' to Somethin' What Should I Do
50%
Street Dreams Why Wouldn't I
50%
Summertime Shootout 2: The Level Up Wishing (Remix)
50%
The S.O.U.L. Tape Wolves in Sheeps Clothing
50%
The S.O.U.L. Tape Y'all Don't Hear Me Tho
50%
From Nothin' to Somethin' Yep, I'm Back
50%
There Is No Competition 2: The Grieving Music EP You Be Killin' Em
50%
Loso's Way - Rise to Power You Can't Slow Me Down
50%
There Is No Competition 3: Death Comes in 3's You Don't Know Bout It
50%
Loso's Way - Rise to Power You Don't Know Freestyle
50%
The S.O.U.L. Tape 3 You Know
50%
The Young OG Project You Made Me
50%
Ghetto Fabolous Young'n (Holla Back)
50%
The S.O.U.L. Tape 3 Young OG
50%
The Young OG Project Young OG II
50%
Real Talk Young & Sexy
50%
Single #9 Act Bad
0%
Friday Night Freestyles Ain't Nuthin' Ta F**k Wit Freestyle
0%
Trappy New Years All There
0%
Single #8 BACH TO BACH
0%
Trappy New Years Bad & Boujee
0%
Loso's Way - Rise to Power Bling Bloaw Part Red Cafe
0%
From Nothin' to Somethin' Chirp Back
0%
Friday Night Freestyles Fabolous So Ghetto Freestyle
0%
There Is No Competition F**k Wit Street Fam
0%
There Is No Competition I'm Gettin' Money
0%
From Nothin' to Somethin' I Shine You Shine
0%
Trappy New Years Keys to the Street
0%
Friday Night Freestyles Life's a B***h Freestyle
0%
Friday Night Freestyles Monday Night Freestyle 98 Freestyle
0%
Trappy New Years Pick Up the Phone
0%
Single #4 Rapture
0%
Single #7 RICH HUSTLE
0%
Single #6 SAY LESS
0%
Single #5 Sittin in My Car
0%
Loso's Way - Rise to Power Smokin' & Slippin'
0%
Friday Night Freestyles Sound Bwoy Buriell Freestyle
0%
Trappy New Years Spend That Sh*t
0%
There Is No Competition Taking Pictures
0%
Trappy New Years Use'ta This
0%
Ghetto Fabolous We Don't Give a F**k
0%
Single #2 When I Feel Like It
0%
No matching quizzes found
Score Distribution
Percent of People with Each Score
Percentile by Number Answered
Your Score History
You have not taken this quiz since the last reset